Loading...
Science - Physics | 2 | 3 | 2 | 0 | 50 | 33 | 76.00 | 3 | 4 |
Fine Arts - Classical Music | 0 | 4 | 1 | 2 | 35 | 93 | 129.00 | 0 | 2 |
Fine Arts - Other Fine Arts | 0 | 3 | 0 | 1 | 30 | 119 | 129.00 | 0 | 1 |
Current Events | 0 | 2 | 0 | 1 | 20 | 97 | 122.00 | 0 | 0 |
Religion | 1 | 1 | 1 | 1 | 20 | 83 | 111.50 | 0 | 2 |
Science - Other Science | 0 | 2 | 0 | 2 | 20 | 127 | 139.50 | 0 | 0 |
History - Other History | 0 | 1 | 0 | 0 | 10 | 102 | 102.00 | 0 | 0 |
Science - Math | 0 | 1 | 0 | 0 | 10 | 132 | 132.00 | 0 | 1 |
Social Science | 0 | 1 | 0 | 0 | 10 | 83 | 83.00 | 0 | 1 |
Literature - Misc Literature | 0 | 1 | 0 | 0 | 10 | 120 | 120.00 | 0 | 0 |
Science - Chemistry | 0 | 1 | 0 | 0 | 10 | 119 | 119.00 | 1 | 1 |
Science - Biology | 0 | 1 | 1 | 0 | 5 | 112 | 112.00 | 1 | 1 |
Geography | 0 | 0 | 1 | 0 | -5 | 0.00 | 0 | 0 | |
History - American History | 0 | 0 | 1 | 0 | -5 | 0.00 | 0 | 0 |